000 00327 a2200121 4500
005 20250317130128.0
082 _a380 SHA
100 _aSHAFTO, T.A.C.
245 _aCommerce, Structure and Practice
260 _aNew York,
_bMcGraw-Hill,
_c1965.
300 _a286p.: ill.; figure, graph, map, table.
_bIndex.
_c23cm.
942 _2ddc
_cBKS
999 _c788
_d788